| 000 | 00746nam a2200253Ia 4500 | ||
|---|---|---|---|
| 003 | OSt | ||
| 005 | 20220927110500.0 | ||
| 006 | a|||||r|||| 00| 0 | ||
| 007 | ta | ||
| 008 | 220926b |||||||| |||| 00| 0 eng d | ||
| 024 | _a116680 | ||
| 037 | _cReports | ||
| 040 |
_aRTL _cRTL _beng |
||
| 041 |
_2eng _aeng |
||
| 082 | _a"NB.235.N58t, GD" | ||
| 110 |
_a"Bombay, Panels appointed by the study group for greater" _9378724 |
||
| 245 | 0 | _aReports of the panels appointed by the study group | |
| 260 | _c1959 | ||
| 300 |
_a172p. _ccm. |
||
| 650 | _aFine Arts | ||
| 700 |
_a"Bombay, Panels appointed by the study group for greater" _9378725 |
||
| 942 |
_h"NB.235.N58t, GD" _cCC |
||
| 999 |
_c696968 _d696968 |
||